[Event "Mumbai Wealth op 3rd"]
[Site "Mumbai"]
[Date "2018.01.01"]
[Round "3"]
[White "Nguyen, Phuoc Tam"]
[Black "Bhargav, Yarnagula"]
[Result "1-0"]
[WhiteElo "2035"]
[BlackElo "1429"]
[PlyCount "65"]
[EventDate "2017.12.30"]
[EventType "swiss"]
[EventRounds "9"]
[EventCountry "IND"]
[SourceTitle "CBM 182 Extra"]
[Source "ChessBase"]
[SourceDate "2018.02.23"]
[SourceVersion "1"]
[SourceVersionDate "2018.02.23"]
[SourceQuality "1"]

1. d4 Nf6 2. c4 e6 3. Nf3 d5 4. g3 Be7 5. Bg2 0-0 6. 0-0 c6 7. Qc2 Nbd7 8. Nbd2 b6 9. b3 Bb7 10. Bb2 Rc8 11. Rad1 c5 12. Qb1 Ne4 13. Nxe4 dxe4 14. Ne5 Nxe5 15. dxe5 Qc7 16. Bxe4 g6 17. Qd3 Bxe4 18. Qxe4 h5 19. Bc1 Rfd8 20. Be3 Rd7 21. Rd3 Rcd8 22. Rfd1 Bf8 23. Rxd7 Rxd7 24. Rxd7 Qxd7 25. Qa8 Kg7 26. Bh6+ Kxh6 27. Qxf8+ Kg5 28. Qd6 Qxd6 29. f4+ Kf5 30. e4+ Kxe4 31. exd6 Kf5 32. d7 Kf6 33. d8Q+ 1-0